|
|
|
|
| LEADER |
00000nam a2200000 a 4500 |
| 001 |
vtls008350658 |
| 003 |
SK-MaSNL |
| 005 |
20260301182910.0 |
| 008 |
230403s1961 xo slo |
| 015 |
|
|
|a SNBA1961/09-01852
|
| 035 |
|
|
|a SK01SNK19610042875
|
| 035 |
|
|
|a urn:nbn:sk:snk-amyd6b
|
| 035 |
|
|
|a urn:nbn:sk:snk-am00cfm2
|
| 035 |
|
|
|a 0FDE72D1-AC46-41D7-BDC7-BE3FCA3F15EC
|
| 035 |
|
|
|a SKM000045338
|
| 040 |
|
|
|a SNK
|b slo
|c SNK
|e AACR2
|
| 041 |
0 |
|
|a slo
|
| 044 |
|
|
|a xo
|c SK
|
| 080 |
|
|
|a 885.4-3
|2 1981
|
| 100 |
1 |
|
|a Jilemnický, Peter,
|d 1901-1949
|4 aut
|9 108039
|
| 245 |
1 |
0 |
|a Kronika
|b podľa vyd. v SVKL r. 1959
|c Peter Jilemnický ; doslov nap. Karol Tomiš ; ilustr. Vladimír Machaj
|
| 250 |
|
|
|a 2. vyd.
|
| 260 |
|
|
|a Bratislava
|b Mladé letá
|c 1961
|e Bratislava
|f Polygrafické závody
|
| 300 |
|
|
|a 328, [2] s.
|c 8°
|
| 490 |
1 |
|
|a Školská knižnica
|
| 500 |
|
|
|a Vysvetl. Tit. kresba. Predsádky
|
| 563 |
|
|
|a 15000 výtl.
|
| 650 |
0 |
7 |
|a romány vojnové slovenské
|2 SNK
|9 351563
|
| 655 |
|
7 |
|a umelecká literatúra
|2 SNKPH
|9 60405
|
| 700 |
1 |
|
|a Tomiš, Karol,
|d 1929-2013
|4 aui
|9 105522
|
| 700 |
1 |
|
|a Machaj, Vladimír,
|d 1929-2016
|4 aui
|9 117940
|
| 830 |
|
0 |
|a Školská knižnica
|9 289975
|
| 852 |
|
|
|a Slovenská národná knižnica
|
| 919 |
|
|
|a viaz.
|
| 954 |
|
|
|a beletria pôvodná (slovenská)
|2 lita
|
| 958 |
|
|
|a OND
|
| 958 |
|
|
|a TL
|
| 958 |
|
|
|a RK
|
| 958 |
|
|
|a LX
|
| 958 |
|
|
|a EUIPO
|
| 999 |
|
|
|c 855186
|d 857116
|
| 952 |
|
|
|a SNK
|b SNK
|y PREZ
|7 0
|p 17A0709244
|o snkSD 20683
|i snkKSP 4813/61
|0 0
|1 0
|4 0
|d 2011-08-31
|f 1
|l 0
|r 2025-12-04 00:00:00
|w 2026-02-24
|